<?xml version="1.0" encoding="UTF-8"?>
<record
    xmlns:xsi="http://www.w3.org/2001/XMLSchema-instance"
    xsi:schemaLocation="http://www.loc.gov/MARC21/slim http://www.loc.gov/standards/marcxml/schema/MARC21slim.xsd"
    xmlns="http://www.loc.gov/MARC21/slim">

  <leader>01260nam a2200265 i 4500</leader>
  <controlfield tag="001">45128</controlfield>
  <controlfield tag="003">ES-MaACL</controlfield>
  <controlfield tag="005">20251221153406.0</controlfield>
  <controlfield tag="007">t|</controlfield>
  <controlfield tag="008">030325s1970    mx           ||||1| spa d</controlfield>
  <datafield tag="100" ind1="1" ind2=" ">
    <subfield code="a">Clavijero, Francisco Xavier.</subfield>
    <subfield code="9">39140</subfield>
  </datafield>
  <datafield tag="245" ind1="1" ind2="0">
    <subfield code="a">Historia de la antigua o baja California / </subfield>
    <subfield code="c">Francisco Xavier Clavijero ; estudios preliminares por Miguel Le&#xF3;n-Portilla. [Relaci&#xF3;n hist&#xF3;rica de la vida y apost&#xF3;licas tareas del venerable padre Fray Jun&#xED;pero Serra : y de las misiones ... / Fray Francisco Palou ; prefacio e introducci&#xF3;n por Miguel Le&#xF3;n-Portilla].</subfield>
  </datafield>
  <datafield tag="260" ind1=" " ind2=" ">
    <subfield code="a">M&#xE9;xico : </subfield>
    <subfield code="b">Porr&#xFA;a, </subfield>
    <subfield code="c">1970.</subfield>
  </datafield>
  <datafield tag="300" ind1=" " ind2=" ">
    <subfield code="a">1 v. (pag. var.) : </subfield>
    <subfield code="b">il. ; </subfield>
    <subfield code="c">22 cm.</subfield>
  </datafield>
  <datafield tag="490" ind1="1" ind2=" ">
    <subfield code="a">Sepan cuantos... ; </subfield>
    <subfield code="v">143</subfield>
  </datafield>
  <datafield tag="600" ind1="1" ind2="7">
    <subfield code="a">Jun&#xED;pero Serra, </subfield>
    <subfield code="c">Santo,</subfield>
    <subfield code="d">1713-1784</subfield>
    <subfield code="2"></subfield>
    <subfield code="9">153812</subfield>
  </datafield>
  <datafield tag="651" ind1=" " ind2=" ">
    <subfield code="a">California (Estados Unidos, Estado)-</subfield>
    <subfield code="x">Historia-</subfield>
    <subfield code="y">Hasta 1846.</subfield>
    <subfield code="9">174579</subfield>
  </datafield>
  <datafield tag="651" ind1=" " ind2="4">
    <subfield code="a">Baja California (Pen&#xED;nsula)-</subfield>
    <subfield code="x">Historia.</subfield>
    <subfield code="9">153813</subfield>
  </datafield>
  <datafield tag="700" ind1="1" ind2=" ">
    <subfield code="a">Le&#xF3;n-Portilla, Miguel</subfield>
    <subfield code="9">71637</subfield>
  </datafield>
  <datafield tag="700" ind1="1" ind2=" ">
    <subfield code="a">Palou, Francisco, </subfield>
    <subfield code="d">1723-1789</subfield>
    <subfield code="9">88715</subfield>
  </datafield>
  <datafield tag="740" ind1="0" ind2=" ">
    <subfield code="a">Relaci&#xF3;n hist&#xF3;rica de la vida y apost&#xF3;licas tareas del venerable padre Fray Jun&#xED;pero Serra.</subfield>
  </datafield>
  <datafield tag="830" ind1="0" ind2="0">
    <subfield code="a">Sepan cuantos_</subfield>
    <subfield code="v">143</subfield>
    <subfield code="9">180801</subfield>
  </datafield>
  <datafield tag="852" ind1=" " ind2=" ">
    <subfield code="a">ES-MaACL</subfield>
    <subfield code="j">E-9386</subfield>
  </datafield>
  <datafield tag="999" ind1=" " ind2=" ">
    <subfield code="c">45128</subfield>
    <subfield code="d">45128</subfield>
  </datafield>
  <datafield tag="952" ind1=" " ind2=" ">
    <subfield code="0">0</subfield>
    <subfield code="1">0</subfield>
    <subfield code="4">0</subfield>
    <subfield code="7">0</subfield>
    <subfield code="a">ATENEOM</subfield>
    <subfield code="b">ATENEOM</subfield>
    <subfield code="c">DEPO2</subfield>
    <subfield code="d">2008-01-17</subfield>
    <subfield code="e">SC</subfield>
    <subfield code="l">0</subfield>
    <subfield code="o">E-9386</subfield>
    <subfield code="p">1047493</subfield>
    <subfield code="r">2023-02-23 00:00:00</subfield>
    <subfield code="w">2023-02-23</subfield>
    <subfield code="y">MONOGRAFIA</subfield>
  </datafield>
</record>
